|
|
|
|
| LEADER |
01189cam a2200265 7i4500 |
| 001 |
0000075602 |
| 005 |
20230302090000.0 |
| 020 |
|
|
|a 9783658362959
|
| 090 |
0 |
0 |
|a QA76.9.D32
|b I58 2022
|
| 111 |
1 |
|
|a International Data Science Conference
|c 4th
|d 2021
|
| 245 |
0 |
0 |
|a Data science -- analytics and applications
|c proceedings of the 4th International Data Science Conference -- iDSC2021
|c proceedings of the 4th International Data Science Conference -- iDSC2021
|c Peter Haber [and three others], editor.
|
| 264 |
|
|
|a Wiesbaden, Germany:
|b Springer Vieweg,
|c 2022.
|
| 300 |
|
|
|a 1 online resource (xiv, 101 pages):
|b illustrations (some color), text file, PDF.
|
| 336 |
|
|
|a text
|2 rdacontent
|
| 337 |
|
|
|a computer
|2 rdamedia
|
| 338 |
|
|
|a online resource
|2 rdacarrier
|
| 650 |
|
0 |
|a Big data --
|x Congresses
|
| 650 |
|
0 |
|a Data mining --
|x Congresses
|
| 650 |
|
0 |
|a Databases --
|x Congresses
|
| 655 |
|
0 |
|a Electronic books
|
| 700 |
1 |
|
|a Haber, Peter
|
| 856 |
4 |
2 |
|u http://library.unisel.edu.my/web/guest/mylibrary
|
| 997 |
|
|
|a Communication, Visual Art & Computing, Faculty
|b Computing, Department
|
| 998 |
|
|
|a Computer Science, Degree
|
| 999 |
|
|
|a EBO0018841
|b EBOOK
|c EBOOK
|e Electronic resources
|